Bratislavské visuté záhrady

Bibliographic Details
Main Authors: Putrová, Eva (Author), Kristiánová, Katarína, 1964- (Author)
Format: Article
Language:Slovak

MARC

LEADER 00000nab a2200000ua 4500
001 vtls010811637
003 SK-MaSNL
005 20260303132854.0
008 230218s2010 xo |||||||||||||||||slo|
035 |a (urnnbn)urn:nbn:sk:snk:ar-004gsq 
035 |a urn:nbn:sk:snk-ab5gzn 
035 |a (uuid)25ecfae7-79fb-4394-bad7-34f9e8e53e33 
040 |a SNKBUCL  |b slo  |c SNKBUCL  |e AACR2 
041 0 |a slo 
044 |a xo  |c SK 
100 1 |a Putrová, Eva  |4 aut  |9 333293 
245 1 0 |a Bratislavské visuté záhrady  |c Eva Putrová, Katarína Kristiánová 
700 1 |a Kristiánová, Katarína,  |d 1964-  |4 aut  |9 165668 
773 0 |t Enviromagazín : odborno-náučný časopis o životnom prostredí  |g Roč. 15, č. 6 (2010), s. 27 
954 |a odborná, vedecká literatúra pôvodná (slovenská)  |2 lita 
958 |a OND 
958 |a EUIPO 
958 |a article5 
999 |c 1953813  |d 1955743